التجربة الحزبية : (Record no. 14961)
[ view plain ]
| 000 -الفاتح | |
|---|---|
| حقل البيانات ثابتة الطول | 00630nam a22001337a 4500 |
| 008 - عناصر البيانات ثابتة الطول - معلومات عامة | |
| حقل البيانات ثابتة الطول | 110227s1991 ua|||||r|||| 000 0 ara d |
| 082 ## - رقم تصنيف ديوى العشرى | |
| رقم التصنيف | 329.962 |
| رقم المادة | أ ح م |
| 245 ## - بيان العنوان | |
| العنوان | التجربة الحزبية : |
| بقية العنوان | حزب الإصلاح على المبادىء الدستورية : 1907-1914 / |
| بيان المسئوليه,etc | محمد عبد الوهاب سيد أحمد |
| 260 ## - PUBLICATION, DISTRIBUTION, ETC. (IMPRINT) | |
| مكان الناشر او الموزع | القاهرة : |
| اسم الناشر او الموزع | دار الفكر العربي ، 1991 |
| تاريخ النشر أو التوزيع | 1991 |
| 300 ## - الوصف المادى | |
| التعداد | 485 ص ؛ |
| أبعاد الوعاء | 24 سم |
| 651 ## - المدخل الاضافى بالموضوع - اسم جغرافى | |
| 9 (RLIN) | 21465 |
| الاسم الجغرافي | مصر |
| التقسيم الفرعي العام | الأحزاب السياسية |
| 651 ## - المدخل الاضافى بالموضوع - اسم جغرافى | |
| 9 (RLIN) | 8390 |
| الاسم الجغرافي | مصر |
| التقسيم الفرعي العام | تاريخ-- |
| التقسيم الفرعي الزمني | العصر الحديث-- عباس حلمى الثانى )1892-1914( |
| 942 ## - عناصر المدخل الإضافي( كوها) | |
| مصدر التصنيف او مخطط الترفيف | Dewey Decimal Classification |
| Koha [default] item type | Book - Borrowing |
| حالة التراجع | حالة الفقد | مصدر التصنيف او خطة الترفيف | حالة تلف | ليس للاعارة | مجموعات كوها | المكان الدائم | المكان الحالي | موقع الترفيف | تاريخ الاكتساب | Source of acquisition | رقم الاستدعاء | الباركود | Date last seen | مُعار | نوع الوعاء |
|---|---|---|---|---|---|---|---|---|---|---|---|---|---|---|---|
| Dewey Decimal Classification | Alef-Baa | Central Library | Central Library | First floor | 27/02/2011 | 329.962 أ ح م | 000022804 | 15/07/2025 | 07/07/2019 | Book - Borrowing |